| 000 | 07505nam a22006977a 4500 | ||
|---|---|---|---|
| 005 | 20120229144937.0 | ||
| 010 | _aB-446933-973 | ||
| 020 |
_a9788123706474 _c55.00 |
||
| 035 | _aB-446933-973 | ||
| 037 | _bBlue Berry/VEN | ||
| 082 | _a921 | ||
| 100 |
_aPagadi, Setumadhavarao S. _943853 |
||
| 245 |
_aShivaji / _cby Setumadhavarao S.Pagadi, _h |
||
| 260 |
_aNew Delhi _bNational Book Trust _c2011(repr). |
||
| 270 |
_aNehru Bhawan,5,Institutional Area,Phase -II, _bNewDelhi _e110070 |
||
| 300 |
_a136p. _c22cm(pbk) |
||
| 500 | _aIncludes bibliographical refrences | ||
| 942 |
_2ddc _cEN _mSHI _h921 |
||
| 999 |
_c63614 _d63614 |
||